| 000 | 00378nam a22001577a 4500 | ||
|---|---|---|---|
| 003 | CEME | ||
| 005 | 20210628203553.0 | ||
| 008 | 210201b xxu||||| |||| 00| 0 eng d | ||
| 040 | _c. | ||
| 082 | _a891.439 AHM | ||
| 100 |
_aAhmed Khan Chidaher _966315 |
||
| 245 | _aJurm nishan chorta hay | ||
| 260 |
_aLAHORE _bJEHANGIR BOOK DEPO _c2000 |
||
| 300 | _a324P | ||
| 942 |
_cBK _2ddc |
||
| 999 |
_c574298 _d574298 |
||